| 000 | 00629nam a22002057a 4500 | ||
|---|---|---|---|
| 999 |
_c6991 _d6991 |
||
| 003 | AR-CdUCM | ||
| 008 | 190319b ||||| |||| 00| 0 spa d | ||
| 040 |
_aMUNICIPALIDAD PROVINCIAL DEL CUSCO _cBIBLIOTECA MUNICIPAL DEL CUSCO |
||
| 082 |
_23ed. _a869.56 / _bC95 |
||
| 245 | _aCuentos y leyendas infantiles / | ||
| 260 |
_aLima : _bCasa de la Cultura del Perú, _c1970. |
||
| 300 |
_a152 páginas ; _c17 cm. |
||
| 500 | _aDonación familia Nieto. | ||
| 650 |
_aCuento infantil _93319 |
||
| 650 |
_aPerú _935 |
||
| 650 |
_aSiglo XX _98 |
||
| 700 |
_aSologuren, Javier (selección) _919710 |
||
| 942 |
_2ddc _cLIBROS |
||
| 945 | _aafb | ||